[Event "Mindsports Blitz 4th"]
[Site "London"]
[Date "2024.07.23"]
[Round "12.2"]
[White "Cancedda-Dupuis, Livio"]
[Black "Fellowes, Billy"]
[Result "1/2-1/2"]
[WhiteElo "2000"]
[BlackElo "1988"]
[PlyCount "124"]
[EventDate "2024.07.23"]
[EventType "swiss (blitz)"]
[EventRounds "14"]
[EventCountry "ENG"]
[SourceTitle "BritBase"]
[Source "John Saunders"]
[SourceDate "2024.08.27"]
[SourceVersion "1"]
[SourceVersionDate "2024.08.27"]
[SourceQuality "1"]

1. e4 Nc6 2. Nf3 d6 3. d4 Nf6 4. Nc3 g6 5. h3 Bg7 6. Be2 O-O 7. O-O e5 8. Be3 exd4 9. Nxd4 Re8 10. Nxc6 bxc6 11. Bf3 Ba6 12. Re1 Rb8 13. Rb1 Nd7 14. Bxa7 Rb7 15. Bd4 Qg5 16. Bxg7 Kxg7 17. Be2 Bxe2 18. Qxe2 Nc5 19. b4 Ne6 20. Qe3 Qe5 21. Ne2 Reb8 22. a3 c5 23. c3 cxb4 24. cxb4 c5 25. f4 Qf6 26. e5 dxe5 27. fxe5 Qg5 28. Qe4 cxb4 29. axb4 Qd2 30. Red1 Qg5 31. Nd4 Nf4 32. Ne2 Nxh3+ 33. Kf1 Rb5 34. gxh3 Rxe5 35. Qg4 Qe3 36. Re1 h5 37. Qg3 Rf5+ 38. Kg2 Rg5 39. b5 Rbxb5 40. Rxb5 Rxg3+ 41. Nxg3 Qxe1 42. Rb2 h4 43. Nf1 Qe4+ 44. Kg1 Qd4+ 45. Rf2 f5 46. Kg2 Kf6 47. Nh2 Qd5+ 48. Kg1 g5 49. Ng4+ Kg6 50. Ne3 Qe4 51. Nxf5 Qb1+ 52. Kg2 Qe4+ 53. Kg1 Qd3 54. Kg2 Qd5+ 55. Kg1 Qe5 56. Kg2 Kh5 57. Rf3 Qe2+ 58. Rf2 Qe4+ 59. Kg1 Qe5 60. Kg2 g4 61. hxg4+ Kxg4 62. Nh6+ Kg5 1/2-1/2

[Event "Mindsports Blitz 4th"]
[Site "London"]
[Date "2024.07.23"]
[Round "12.3"]
[White "Senlle Caride, Miguel"]
[Black "Badacsonyi, Stanley"]
[Result "0-1"]
[WhiteElo "2339"]
[BlackElo "2306"]
[PlyCount "91"]
[EventDate "2024.07.23"]
[EventType "swiss (blitz)"]
[EventRounds "14"]
[EventCountry "ENG"]
[SourceTitle "BritBase"]
[Source "John Saunders"]
[SourceDate "2024.08.27"]
[SourceVersion "1"]
[SourceVersionDate "2024.08.27"]
[SourceQuality "1"]

1. e4 e6 2. d4 d5 3. e5 c5 4. c3 Nc6 5. Nf3 Bd7 6. Be2 Nge7 7. O-O cxd4 8. cxd4 Nf5 9. Nc3 a6 10. Kh1 Rc8 11. a3 Be7 12. Bd3 Nfxd4 13. Nxd4 Nxd4 14. Qg4 Nb3 15. Qxg7 Rf8 16. Rb1 Nxc1 17. Rbxc1 Bc6 18. f4 Kd7 19. f5 Qe8 20. Qxh7 Rh8 21. Qg7 Qg8 22. fxe6+ fxe6 23. Rf7 Qxg7 24. Rxg7 Rh5 25. Ne2 Rxe5 26. Nf4 Re3 27. Rd1 Kd6 28. Rf7 Ba4 29. Rf1 Bc2 30. Bxc2 Rxc2 31. Ng6 Bg5 32. h4 Bd8 33. h5 Rg3 34. R7f2 Rxf2 35. Rxf2 Rg5 36. g4 Rxg4 37. Rf8 Bb6 38. Rf7 Rg5 39. Rh7 Bd4 40. Kh2 Bxb2 41. a4 b5 42. axb5 axb5 43. Kh3 Bc1 44. Kh4 Rg1 45. Rb7 Kc6 46. Re7 0-1

[Event "Mindsports Blitz 4th"]
[Site "London"]
[Date "2024.07.23"]
[Round "12.4"]
[White "Clarke, Connor"]
[Black "Clery, Liam"]
[Result "1-0"]
[WhiteElo "2116"]
[BlackElo "1877"]
[PlyCount "95"]
[EventDate "2024.07.23"]
[EventType "swiss (blitz)"]
[EventRounds "14"]
[EventCountry "ENG"]
[SourceTitle "BritBase"]
[Source "John Saunders"]
[SourceDate "2024.08.27"]
[SourceVersion "1"]
[SourceVersionDate "2024.08.27"]
[SourceQuality "1"]

1. d4 Nf6 2. Nc3 d5 3. Bf4 a6 4. e3 h6 5. Nf3 c5 6. dxc5 Nc6 7. a3 Bg4 8. Be2 Bxf3 9. Bxf3 e5 10. Bg3 e4 11. Be2 Bxc5 12. O-O Qd7 13. b4 Be7 14. b5 axb5 15. Nxb5 O-O 16. a4 Rac8 17. c4 Rfd8 18. Qc1 d4 19. exd4 Nxd4 20. Nxd4 Qxd4 21. Rb1 b6 22. Bf4 Nd5 23. Rd1 Nxf4 24. Qxf4 Qc5 25. Qxe4 Bf6 26. Bd3 g6 27. Qf3 Kg7 28. g3 Rd4 29. Be2 Rcd8 30. Rxd4 Bxd4 31. Rb5 Qg5 32. h4 Qc1+ 33. Kg2 Rd6 34. Qe4 Qa1 35. Rd5 Rxd5 36. cxd5 Bc5 37. h5 Qf6 38. Bf3 Qb2 39. Be2 Qf6 40. f4 Bd6 41. hxg6 fxg6 42. Qe3 Bc5 43. Qe4 Kf7 44. Bc4 Qb2+ 45. Kh3 Qd4 46. d6+ Kf6 47. Qe7+ Kf5 48. Qe6# 1-0

[Event "Mindsports Blitz 4th"]
[Site "London"]
[Date "2024.07.23"]
[Round "12.5"]
[White "Pein, Jonathan"]
[Black "Patel, Zain"]
[Result "1-0"]
[WhiteElo "2128"]
[BlackElo "2063"]
[PlyCount "71"]
[EventDate "2024.07.23"]
[EventType "swiss (blitz)"]
[EventRounds "14"]
[EventCountry "ENG"]
[SourceTitle "BritBase"]
[Source "John Saunders"]
[SourceDate "2024.08.27"]
[SourceVersion "1"]
[SourceVersionDate "2024.08.27"]
[SourceQuality "1"]

1. g3 Nf6 2. Bg2 g6 3. e4 d6 4. Ne2 Bg7 5. O-O O-O 6. c4 Nbd7 7. Nbc3 a5 8. d3 e5 9. h3 Nc5 10. Be3 Nfd7 11. f4 f5 12. Qd2 fxe4 13. dxe4 exf4 14. gxf4 Kh8 15. Rad1 Re8 16. e5 Qh4 17. Nd5 dxe5 18. Nxc7 exf4 19. Bf2 Qe7 20. Nxf4 Ne4 21. Bxe4 Qxe4 22. Rfe1 Nf6 23. Rxe4 Nxe4 24. Qe2 Bf5 25. Nxa8 Rxa8 26. Bd4 Re8 27. Bxg7+ Kxg7 28. Qg2 Re7 29. Nd5 Rd7 30. Rf1 Nd6 31. b3 a4 32. Qb2+ Kh6 33. Nf6 Rf7 34. Ng8+ Kh5 35. Qe2+ Kg5 36. Qd2+ 1-0

[Event "Mindsports Blitz 4th"]
[Site "London"]
[Date "2024.07.23"]
[Round "12.6"]
[White "Pollack, Oscar"]
[Black "Bijeljic, Branko"]
[Result "0-1"]
[WhiteElo "1958"]
[BlackElo "1924"]
[PlyCount "55"]
[EventDate "2024.07.23"]
[EventType "swiss (blitz)"]
[EventRounds "14"]
[EventCountry "ENG"]
[SourceTitle "BritBase"]
[Source "John Saunders"]
[SourceDate "2024.08.27"]
[SourceVersion "1"]
[SourceVersionDate "2024.08.27"]
[SourceQuality "1"]

1. d4 Nf6 2. Nc3 d5 3. Bg5 e6 4. Nf3 Be7 5. Bxf6 Bxf6 6. e4 dxe4 7. Nxe4 Nd7 8. Bd3 O-O 9. Qe2 b6 10. O-O-O Bb7 11. Nxf6+ Nxf6 12. Ne5 g6 13. c3 Qd5 14. Kb1 c5 15. Bc4 Qxg2 16. Rhg1 Qh3 17. Rg3 Qh4 18. Ka1 Rad8 19. Nxf7 Rxf7 20. Bxe6 Kg7 21. Bxf7 Kxf7 22. dxc5 Rxd1+ 23. Qxd1 Qf4 24. cxb6 axb6 25. Re3 Qxf2 26. Qc1 Be4 27. Re1 Qxh2 28. Qe3 0-1

[Event "Mindsports Blitz 4th"]
[Site "London"]
[Date "2024.07.23"]
[Round "12.7"]
[White "Vashisht-Pigem, Raman"]
[Black "Dignam, Matthew"]
[Result "0-1"]
[WhiteElo "1878"]
[BlackElo "2052"]
[PlyCount "86"]
[EventDate "2024.07.23"]
[EventType "swiss (blitz)"]
[EventRounds "14"]
[EventCountry "ENG"]
[SourceTitle "BritBase"]
[Source "John Saunders"]
[SourceDate "2024.08.27"]
[SourceVersion "1"]
[SourceVersionDate "2024.08.27"]
[SourceQuality "1"]

1. e4 d6 2. d4 Nf6 3. Nc3 c6 4. a4 g6 5. Nf3 Bg7 6. Be2 O-O 7. h3 Nbd7 8. O-O e5 9. Be3 Qc7 10. dxe5 dxe5 11. Qb1 Nh5 12. Qa2 Nf4 13. Bxf4 exf4 14. Rfd1 Nc5 15. Nd4 Re8 16. Bf3 a5 17. Qc4 Ne6 18. Nb3 Ng5 19. Qe2 b6 20. h4 Ba6 21. Qe1 Nxf3+ 22. gxf3 Qe7 23. Ne2 Qxh4 24. Qd2 Re5 25. Qxf4 Rg5+ 26. Qxg5 Qxg5+ 27. Ng3 Be5 28. Kg2 h5 29. Kh3 Bc8+ 30. Kg2 h4 31. Nd4 Bxd4 32. Rxd4 hxg3 33. fxg3 Be6 34. Rad1 b5 35. axb5 cxb5 36. f4 Qg4 37. R1d2 a4 38. Rd6 a3 39. bxa3 Rxa3 40. R6d3 Rxd3 41. Rxd3 Qe2+ 42. Kg1 Qxd3 43. cxd3 b4 0-1

[Event "Mindsports Blitz 4th"]
[Site "London"]
[Date "2024.07.23"]
[Round "12.8"]
[White "Chakanyuka, Charles"]
[Black "Dias, Savin"]
[Result "0-1"]
[WhiteElo "1978"]
[BlackElo "1872"]
[PlyCount "148"]
[EventDate "2024.07.23"]
[EventType "swiss (blitz)"]
[EventRounds "14"]
[EventCountry "ENG"]
[SourceTitle "BritBase"]
[Source "John Saunders"]
[SourceDate "2024.08.27"]
[SourceVersion "1"]
[SourceVersionDate "2024.08.27"]
[SourceQuality "1"]

1. e4 c5 2. Nf3 Nc6 3. d4 cxd4 4. Nxd4 g6 5. Nxc6 bxc6 6. Qd4 Nf6 7. e5 Nd5 8. e6 f6 9. exd7+ Qxd7 10. Nc3 e5 11. Qd3 a5 12. Nxd5 cxd5 13. Bd2 Ba6 14. Qf3 Be7 15. Bxa6 Rxa6 16. O-O O-O 17. h4 Rc8 18. c3 f5 19. Rfe1 e4 20. Qe2 Rb6 21. Be3 Rb7 22. g3 Rcb8 23. b3 Bf6 24. Rac1 Rc8 25. Qd2 Rbc7 26. Bd4 Bxd4 27. Qxd4 f4 28. Red1 Rd8 29. Kg2 Qg4 30. Rd2 Qf3+ 31. Kh2 e3 32. Rdc2 Rf7 33. Rg1 fxg3+ 34. Rxg3 Qf5 35. Rc1 Qxf2+ 36. Rg2 Qf3 37. Re1 Re8 38. Ree2 Rf4 39. Qd1 Rxh4+ 40. Kg1 Rg4 41. Qe1 Rxg2+ 42. Rxg2 e2 43. c4 Qe3+ 44. Kh1 Re5 45. cxd5 Rh5+ 46. Rh2 Rxd5 47. Rxe2 Qh3+ 48. Rh2 Qf3+ 49. Rg2 Rd1 50. Qxd1 Qxd1+ 51. Kh2 Kg7 52. Kg3 Qd6+ 53. Kf3 Kf6 54. Rf2 g5 55. Ke3+ Kg6 56. Rd2 Qf4+ 57. Kd3 g4 58. a3 g3 59. b4 axb4 60. axb4 Qxb4 61. Ke3 Qxd2+ 62. Kxd2 h5 63. Ke3 h4 64. Kf3 Kf5 65. Kg2 Kg4 66. Kh1 Kf3 67. Kg1 g2 68. Kh2 Kf2 69. Kh3 g1=Q 70. Kxh4 Kf3 71. Kh5 Kf4 72. Kh6 Kf5 73. Kh7 Kf6 74. Kh8 Qg7# 0-1

[Event "Mindsports Blitz 4th"]
[Site "London"]
[Date "2024.07.23"]
[Round "12.9"]
[White "Malinovskii, Ilia"]
[Black "Mozaffari, Mohammad Hossein"]
[Result "1-0"]
[WhiteElo "1978"]
[BlackElo "1872"]
[PlyCount "95"]
[EventDate "2024.07.23"]
[EventType "swiss (blitz)"]
[EventRounds "14"]
[EventCountry "ENG"]
[SourceTitle "BritBase"]
[Source "John Saunders"]
[SourceDate "2024.08.27"]
[SourceVersion "1"]
[SourceVersionDate "2024.08.27"]
[SourceQuality "1"]

1. Nf3 g6 2. g3 Bg7 3. Bg2 Nf6 4. O-O O-O 5. d4 d6 6. b3 a6 7. Bb2 Nbd7 8. c4 c5 9. d5 b5 10. Qc2 Bb7 11. e4 Qc7 12. Nbd2 Rfb8 13. Rfe1 Ne8 14. Bxg7 Nxg7 15. h4 h5 16. Ng5 Nf6 17. f4 Bc8 18. e5 Ng4 19. e6 f5 20. Bf3 Nf6 21. Nf7 bxc4 22. Nxc4 a5 23. Re3 Ba6 24. Rae1 Bb7 25. Qd3 a4 26. Nh6+ Kh7 27. Nf7 Kg8 28. Nh6+ Kh7 29. Nf7 axb3 30. axb3 Ra2 31. R3e2 Rba8 32. Rxa2 Rxa2 33. Re2 Ra1+ 34. Kg2 Qc8 35. Qc3 Rb1 36. Qc2 Ra1 37. Qb2 Qa8 38. Nb6 Qa6 39. Nd8 Ba8 40. Na4 Rd1 41. Qc2 Rd4 42. Nc3 Qa1 43. Nc6 Bxc6 44. dxc6 d5 45. c7 Qa8 46. Nb5 Rb4 47. Qxc5 Rxb3 48. c8=Q 1-0

[Event "Mindsports Blitz 4th"]
[Site "London"]
[Date "2024.07.23"]
[Round "12.10"]
[White "Alizada, Eldar"]
[Black "Zadvorny, Roman"]
[Result "1-0"]
[WhiteElo "1929"]
[BlackElo "1722"]
[PlyCount "93"]
[EventDate "2024.07.23"]
[EventType "swiss (blitz)"]
[EventRounds "14"]
[EventCountry "ENG"]
[SourceTitle "BritBase"]
[Source "John Saunders"]
[SourceDate "2024.08.27"]
[SourceVersion "1"]
[SourceVersionDate "2024.08.27"]
[SourceQuality "1"]

1. d4 d5 2. c4 c6 3. Nc3 Nf6 4. Nf3 dxc4 5. a4 Bf5 6. e3 e6 7. Bxc4 Bb4 8. O-O a5 9. Qb3 Qc7 10. Ne5 O-O 11. Bd2 Nbd7 12. Nxd7 Qxd7 13. Rad1 h6 14. h3 Rfd8 15. Ne2 Bxd2 16. Rxd2 Ne4 17. Rdd1 Nd6 18. Bd3 Bxd3 19. Qxd3 Rab8 20. Nc3 b5 21. axb5 cxb5 22. Ne4 Nxe4 23. Qxe4 Qd5 24. Qxd5 exd5 25. Ra1 a4 26. Rfc1 Rdc8 27. Kf1 Kf8 28. Ke2 Ke7 29. Kd3 Kd6 30. f3 Rc4 31. e4 Rbc8 32. Rxc4 Rxc4 33. Ra3 Rb4 34. Kc3 Rc4+ 35. Kd3 f6 36. b3 Rb4 37. Kc3 Rxb3+ 38. Rxb3 axb3 39. Kxb3 f5 40. exf5 Kc6 41. Kb4 Kb6 42. g4 Kc6 43. f4 Kd6 44. Kxb5 Ke7 45. Kc5 g5 46. fxg6 Kf6 47. f5 1-0

[Event "Mindsports Blitz 4th"]
[Site "London"]
[Date "2024.07.23"]
[Round "13.1"]
[White "Gasanov, Eldar"]
[Black "Badacsonyi, Stanley"]
[Result "0-1"]
[WhiteElo "2474"]
[BlackElo "2306"]
[PlyCount "114"]
[EventDate "2024.07.23"]
[EventType "swiss (blitz)"]
[EventRounds "14"]
[EventCountry "ENG"]
[SourceTitle "BritBase"]
[Source "John Saunders"]
[SourceDate "2024.08.27"]
[SourceVersion "1"]
[SourceVersionDate "2024.08.27"]
[SourceQuality "1"]

1. d4 Nf6 2. c4 c5 3. d5 b5 4. Nf3 b4 5. a3 a5 6. axb4 cxb4 7. Be3 d6 8. Bd4 Nbd7 9. Nbd2 g6 10. e4 Bg7 11. Be2 O-O 12. O-O Ne8 13. Nb3 Bb7 14. c5 dxc5 15. Nxc5 Nxc5 16. Bxc5 Bxb2 17. Ra2 Bg7 18. Bb5 Nd6 19. Bd3 Qd7 20. Re1 Rfc8 21. Bd4 Bxd4 22. Nxd4 a4 23. e5 Nc4 24. e6 fxe6 25. Qg4 Qxd5 26. Be4 Qxd4 27. Qxe6+ Kh8 28. Bxb7 Rcb8 29. Bxa8 Rxa8 30. Rae2 Nd6 31. Qxe7 Re8 32. Qxe8+ Nxe8 33. Rxe8+ Kg7 34. R8e7+ Kh6 35. R7e4 Qb2 36. g3 a3 37. Rh4+ Kg7 38. Re7+ Kf6 39. Rhxh7 a2 40. Rhf7+ Kg5 41. h4+ Kg4 42. Kg2 g5 43. Rg7 Kf5 44. Ref7+ Ke6 45. Re7+ Kd5 46. Rxg5+ Kc4 47. Re4+ Kb3 48. Re3+ Ka4 49. Rg8 a1=Q 50. Ra8+ Kb5 51. Rb8+ Kc6 52. Rc8+ Kd7 53. Ree8 Qf6 54. Rf8 Qxf8 55. Rxf8 b3 56. Rf7+ Ke8 57. Rb7 b2 0-1

[Event "Mindsports Blitz 4th"]
[Site "London"]
[Date "2024.07.23"]
[Round "13.2"]
[White "Cancedda-Dupuis, Livio"]
[Black "Johnson, Daniel"]
[Result "1/2-1/2"]
[WhiteElo "2000"]
[BlackElo "2271"]
[PlyCount "92"]
[EventDate "2024.07.23"]
[EventType "swiss (blitz)"]
[EventRounds "14"]
[EventCountry "ENG"]
[SourceTitle "BritBase"]
[Source "John Saunders"]
[SourceDate "2024.08.27"]
[SourceVersion "1"]
[SourceVersionDate "2024.08.27"]
[SourceQuality "1"]

1. e4 e5 2. Nf3 Nc6 3. Bb5 a6 4. Ba4 Nf6 5. O-O b5 6. Bb3 Bc5 7. c3 d6 8. h3 O-O 9. d4 Bb6 10. Be3 Bb7 11. Nbd2 h6 12. Re1 Re8 13. dxe5 dxe5 14. Bxb6 cxb6 15. Nf1 Na5 16. Bc2 Nc4 17. b3 Na3 18. Bd3 Qc7 19. Qc1 Rad8 20. Be2 Qe7 21. N3d2 Nxe4 22. Nxe4 Bxe4 23. Bxb5 Nxb5 24. Rxe4 Nd6 25. Re1 e4 26. c4 Qf6 27. Qa3 a5 28. Rad1 Qe6 29. Ne3 f5 30. Nd5 Nf7 31. Nc7 Rxd1 32. Rxd1 Qe7 33. Qxe7 Rxe7 34. Nd5 Rb7 35. Ne3 g6 36. Rd5 Kg7 37. Nc2 h5 38. Nd4 Kf6 39. g3 Ke7 40. Nc6+ Kf6 41. Kf1 Rc7 42. Nd4 Ke7 43. Ke2 Rd7 44. Nc6+ Ke6 45. Rb5 Rb7 46. Rd5 Rd7 1/2-1/2

[Event "Mindsports Blitz 4th"]
[Site "London"]
[Date "2024.07.23"]
[Round "13.3"]
[White "Senlle Caride, Miguel"]
[Black "Fellowes, Billy"]
[Result "1-0"]
[WhiteElo "2339"]
[BlackElo "1988"]
[PlyCount "65"]
[EventDate "2024.07.23"]
[EventType "swiss (blitz)"]
[EventRounds "14"]
[EventCountry "ENG"]
[SourceTitle "BritBase"]
[Source "John Saunders"]
[SourceDate "2024.08.27"]
[SourceVersion "1"]
[SourceVersionDate "2024.08.27"]
[SourceQuality "1"]

1. e4 Nc6 2. Nf3 d6 3. d4 Nf6 4. Nc3 g6 5. Bg5 Bg7 6. e5 dxe5 7. dxe5 Ng4 8. Qxd8+ Nxd8 9. Bf4 Ne6 10. Bg3 c6 11. O-O-O h5 12. h3 Nh6 13. Bd3 Nc5 14. Bc4 Be6 15. Bxe6 Nxe6 16. Ne4 Nf5 17. Bh2 Rd8 18. c3 Rd7 19. Kc2 Kd8 20. Nfg5 Rf8 21. Nxe6+ fxe6 22. Nc5 Rxd1 23. Nxe6+ Kc8 24. Rxd1 Rg8 25. g4 hxg4 26. hxg4 Nh6 27. f3 Nf7 28. f4 Rh8 29. Bg1 Rh7 30. Bxa7 Rh2+ 31. Kb3 Bh8 32. Bb6 Rg2 33. Ng5 1-0

[Event "Mindsports Blitz 4th"]
[Site "London"]
[Date "2024.07.23"]
[Round "13.4"]
[White "Clarke, Connor"]
[Black "Malinovskii, Ilia"]
[Result "1-0"]
[WhiteElo "2116"]
[BlackElo "1978"]
[PlyCount "74"]
[EventDate "2024.07.23"]
[EventType "swiss (blitz)"]
[EventRounds "14"]
[EventCountry "ENG"]
[SourceTitle "BritBase"]
[Source "John Saunders"]
[SourceDate "2024.08.27"]
[SourceVersion "1"]
[SourceVersionDate "2024.08.27"]
[SourceQuality "1"]

1. d4 d5 2. Nc3 Nf6 3. Bf4 c5 4. e4 dxe4 5. dxc5 Qxd1+ 6. Rxd1 a6 7. Nge2 Nc6 8. Ng3 e5 9. Be3 Bg4 10. Be2 Bxe2 11. Kxe2 Nd4+ 12. Bxd4 exd4 13. Ncxe4 Nxe4 14. Nxe4 O-O-O 15. Rhe1 Be7 16. Kf1 Rhe8 17. f3 f5 18. Nd6+ Bxd6 19. Rxe8 Rxe8 20. cxd6 Kd7 21. Rxd4 g6 22. Kf2 b5 23. a4 Re5 24. c3 bxa4 25. Rxa4 a5 26. Rd4 Rb5 27. b4 axb4 28. cxb4 h6 29. h4 Rb6 30. Ke3 Ra6 31. Kf4 Ra2 32. g3 Rf2 33. b5 Rb2 34. Rd5 Rb4+ 35. Ke3 Rb3+ 36. Kf2 Rb2+ 37. Kf1 g5 1-0

[Event "Mindsports Blitz 4th"]
[Site "London"]
[Date "2024.07.23"]
[Round "13.5"]
[White "Alizada, Eldar"]
[Black "Dignam, Matthew"]
[Result "1-0"]
[WhiteElo "1929"]
[BlackElo "2052"]
[PlyCount "65"]
[EventDate "2024.07.23"]
[EventType "swiss (blitz)"]
[EventRounds "14"]
[EventCountry "ENG"]
[SourceTitle "BritBase"]
[Source "John Saunders"]
[SourceDate "2024.08.27"]
[SourceVersion "1"]
[SourceVersionDate "2024.08.27"]
[SourceQuality "1"]

1. d4 d6 2. c4 Nf6 3. Nc3 g6 4. e4 Bg7 5. f3 O-O 6. Be3 Nbd7 7. Nh3 c5 8. d5 a6 9. Be2 b5 10. cxb5 Qb6 11. Qb3 c4 12. Bxb6 cxb3 13. Bd4 axb5 14. Bxb5 Nc5 15. Ke2 Bxh3 16. gxh3 bxa2 17. Rxa2 Rxa2 18. Nxa2 Rb8 19. Nc3 Nfxe4 20. Bxg7 Kxg7 21. fxe4 Nxe4 22. Nxe4 Rxb5 23. Rb1 Rxd5 24. Nc3 Rc5 25. Kd3 e5 26. b4 Rc8 27. b5 f5 28. b6 Rb8 29. b7 e4+ 30. Kd4 Kf6 31. Nd5+ Ke6 32. Nc7+ Kd7 33. Na6 1-0

[Event "Mindsports Blitz 4th"]
[Site "London"]
[Date "2024.07.23"]
[Round "13.6"]
[White "Pein, Jonathan"]
[Black "Dias, Savin"]
[Result "1-0"]
[WhiteElo "2128"]
[BlackElo "1872"]
[PlyCount "43"]
[EventDate "2024.07.23"]
[EventType "swiss (blitz)"]
[EventRounds "14"]
[EventCountry "ENG"]
[SourceTitle "BritBase"]
[Source "John Saunders"]
[SourceDate "2024.08.27"]
[SourceVersion "1"]
[SourceVersionDate "2024.08.27"]
[SourceQuality "1"]

1. Nf3 c5 2. b3 Nc6 3. Bb2 d6 4. e4 e5 5. Bc4 Be7 6. Nc3 Nf6 7. d3 a6 8. a4 O-O 9. Ne2 Rb8 10. Nc3 Nd4 11. Nxd4 cxd4 12. Nd5 Nxd5 13. Bxd5 Kh8 14. O-O f5 15. f4 fxe4 16. dxe4 Bf6 17. Qe2 Qe8 18. Ba3 Qe7 19. fxe5 Bxe5 20. Rxf8+ Qxf8 21. Qh5 Qf4 22. Qe8+ 1-0

[Event "Mindsports Blitz 4th"]
[Site "London"]
[Date "2024.07.23"]
[Round "13.7"]
[White "Bijeljic, Branko"]
[Black "Patel, Zain"]
[Result "1-0"]
[WhiteElo "1924"]
[BlackElo "2063"]
[PlyCount "99"]
[EventDate "2024.07.23"]
[EventType "swiss (blitz)"]
[EventRounds "14"]
[EventCountry "ENG"]
[SourceTitle "BritBase"]
[Source "John Saunders"]
[SourceDate "2024.08.27"]
[SourceVersion "1"]
[SourceVersionDate "2024.08.27"]
[SourceQuality "1"]

1. e4 c6 2. Nf3 d5 3. Nc3 dxe4 4. Nxe4 Nd7 5. d4 Ngf6 6. Bd3 Nxe4 7. Bxe4 Nf6 8. Bd3 Bg4 9. c3 e6 10. h3 Bh5 11. Qe2 Be7 12. Bf4 O-O 13. O-O Re8 14. b3 Rc8 15. b4 a5 16. a3 Nd5 17. Bd2 Bg6 18. Ne5 Bxd3 19. Nxd3 Bf6 20. f4 Nb6 21. Ne5 Bxe5 22. fxe5 axb4 23. axb4 Qd5 24. Ra7 Re7 25. Qg4 Kh8 26. Rf3 Qb3 27. Rg3 Qb1+ 28. Kh2 Rg8 29. Bg5 Rd7 30. Bf6 Qg6 31. Qh4 Qf5 32. Rg5 gxf6 33. Rxf5 exf5 34. Qxf6+ Rg7 35. Qxf5 Rd8 36. Rxb7 Nd5 37. Rxf7 Rxg2+ 38. Kxg2 Ne3+ 39. Kf3 Nxf5 40. Rxf5 Kg7 41. Ke4 Kg6 42. Rf6+ Kg5 43. Rxc6 h5 44. d5 h4 45. b5 Rf8 46. b6 Rf4+ 47. Ke3 Rf5 48. b7 Rxe5+ 49. Kd4 Re8 50. Rc8 1-0

[Event "Mindsports Blitz 4th"]
[Site "London"]
[Date "2024.07.23"]
[Round "13.8"]
[White "Pollack, Oscar"]
[Black "Clery, Liam"]
[Result "1-0"]
[WhiteElo "1958"]
[BlackElo "1877"]
[PlyCount "66"]
[EventDate "2024.07.23"]
[EventType "swiss (blitz)"]
[EventRounds "14"]
[EventCountry "ENG"]
[SourceTitle "BritBase"]
[Source "John Saunders"]
[SourceDate "2024.08.27"]
[SourceVersion "1"]
[SourceVersionDate "2024.08.27"]
[SourceQuality "1"]

1. e4 Nf6 2. Nc3 e5 3. Nf3 Nc6 4. Bb5 Nd4 5. Bc4 Nxf3+ 6. Qxf3 d6 7. d3 c6 8. Bg5 Be7 9. O-O-O a5 10. Bxf6 Bxf6 11. a4 Qe7 12. Kb1 Be6 13. g4 h6 14. Ne2 Bxc4 15. dxc4 Qe6 16. b3 b5 17. cxb5 cxb5 18. Nc3 bxa4 19. Nxa4 O-O 20. h4 g6 21. g5 Bg7 22. h5 hxg5 23. hxg6 Qxg6 24. Nb6 Ra7 25. Rd5 Rb7 26. Na4 f5 27. exf5 Rxf5 28. Qe4 Rf6 29. Qc4 Kf8 30. Rxa5 Rb8 31. Qc7 Rb7 32. b4 Rxb4+ 33. Ka2 Rb3 1-0

[Event "Mindsports Blitz 4th"]
[Site "London"]
[Date "2024.07.23"]
[Round "13.9"]
[White "Finn, Peter"]
[Black "Nixon, Rodney J"]
[Result "1-0"]
[WhiteElo "1980"]
[BlackElo "1995"]
[PlyCount "71"]
[EventDate "2024.07.23"]
[EventType "swiss (blitz)"]
[EventRounds "14"]
[EventCountry "ENG"]
[SourceTitle "BritBase"]
[Source "John Saunders"]
[SourceDate "2024.08.27"]
[SourceVersion "1"]
[SourceVersionDate "2024.08.27"]
[SourceQuality "1"]

1. d4 Nf6 2. Nf3 e6 3. g3 d5 4. Bg2 Bd6 5. O-O c6 6. c4 Nbd7 7. Nbd2 O-O 8. b3 a5 9. Bb2 Qe7 10. Qc2 a4 11. e4 dxe4 12. Nxe4 Nxe4 13. Qxe4 a3 14. Bc3 Bb4 15. Rac1 Bxc3 16. Rxc3 Qb4 17. Rd3 c5 18. Rfd1 cxd4 19. Rxd4 Nc5 20. Qe1 Qxe1+ 21. Nxe1 Na6 22. Nd3 f6 23. b4 e5 24. Rd6 Bg4 25. Rc1 Rfd8 26. Rxd8+ Rxd8 27. Bd5+ Kf8 28. b5 Nc7 29. Nb4 Nxd5 30. Nxd5 Bf3 31. Rc3 e4 32. Rxa3 Rc8 33. Nb6 Rd8 34. Ra8 Rxa8 35. Nxa8 Be2 36. Nb6 1-0

[Event "Mindsports Blitz 4th"]
[Site "London"]
[Date "2024.07.23"]
[Round "13.10"]
[White "Andal, Edmond"]
[Black "Mostyn, Gregory"]
[Result "1-0"]
[WhiteElo "2145"]
[BlackElo "1771"]
[PlyCount "39"]
[EventDate "2024.07.23"]
[EventType "swiss (blitz)"]
[EventRounds "14"]
[EventCountry "ENG"]
[SourceTitle "BritBase"]
[Source "John Saunders"]
[SourceDate "2024.08.27"]
[SourceVersion "1"]
[SourceVersionDate "2024.08.27"]
[SourceQuality "1"]

1. Nf3 d5 2. b3 c5 3. Bb2 Nc6 4. e3 Nf6 5. Bb5 e6 6. Bxc6+ bxc6 7. O-O Bd6 8. d3 O-O 9. Nbd2 Ba6 10. Qe2 Qb6 11. e4 Nd7 12. Qe3 c4 13. Qg5 f6 14. Qg4 cxd3 15. Qxe6+ Kh8 16. Qxd6 dxc2 17. Rfe1 Nc5 18. Bd4 Nxe4 19. Qxf8+ Rxf8 20. Bxb6 1-0

[Event "Mindsports Blitz 4th"]
[Site "London"]
[Date "2024.07.23"]
[Round "14.1"]
[White "Badacsonyi, Stanley"]
[Black "Gasanov, Eldar"]
[Result "0-1"]
[WhiteElo "2306"]
[BlackElo "2474"]
[PlyCount "78"]
[EventDate "2024.07.23"]
[EventType "swiss (blitz)"]
[EventRounds "14"]
[EventCountry "ENG"]
[SourceTitle "BritBase"]
[Source "John Saunders"]
[SourceDate "2024.08.27"]
[SourceVersion "1"]
[SourceVersionDate "2024.08.27"]
[SourceQuality "1"]

1. d4 Nf6 2. Bg5 e6 3. e4 h6 4. Bxf6 Qxf6 5. c3 d6 6. Bd3 Qg5 7. g3 e5 8. Ne2 Nc6 9. f4 Qh5 10. fxe5 dxe5 11. d5 Nb8 12. Qd2 Bc5 13. b4 Bb6 14. Na3 Bh3 15. Nc4 Bg2 16. Nxb6 axb6 17. Nf4 exf4 18. Qxg2 Qe5 19. Rc1 fxg3 20. O-O gxh2+ 21. Kh1 O-O 22. Rf5 Qe7 23. Rh5 Nd7 24. Rxh6 Ne5 25. Bb1 Rad8 26. Rxh2 Rd6 27. Rg1 Rg6 28. Qh3 Rxg1+ 29. Kxg1 Qg5+ 30. Kf2 Qd2+ 31. Kg3 Qxc3+ 32. Kg2 Qb2+ 33. Kg3 Qc3+ 34. Kg2 Qd2+ 35. Kg1 Qe1+ 36. Kg2 Qe2+ 37. Kg3 Qf3+ 38. Kh4 Ng6+ 39. Kg5 Qf6+ 0-1